000
00269nam a22000857a 4500
008
170113b xxu||||| |||| 00| 0 eng d
100
_9
2376
_a
Shyam Sundar. G
245
_a
Broadway: A Multi skill Course in English- Literature Reader-7
260
_a
New Delhi
_b
Oxford Press
_c
2005
999
_c
5377
_d
5377